Library Banner

Tareekh-e-Islam = تاریخ اسلام / (Record no. 63329)

MARC details
000 -LEADER
fixed length control field 00580nam a2200181Ia 4500
001 - CONTROL NUMBER
control field 62766
005 - DATE AND TIME OF LATEST TRANSACTION
control field 20170124085100.0
008 - FIXED-LENGTH DATA ELEMENTS--GENERAL INFORMATION
fixed length control field 150107s9999 xx 000 0 und d
020 ## - INTERNATIONAL STANDARD BOOK NUMBER
International Standard Book Number NA
040 ## - CATALOGING SOURCE
Transcribing agency PK-LaUMT
082 ## - DEWEY DECIMAL CLASSIFICATION NUMBER
Classification number 297.09
Item number AKB-T
100 ## - MAIN ENTRY--PERSONAL NAME
Personal name Akbar Shah Khan Najeebabadi = اکبر شاہ خان نجیب آبادی
245 ## - TITLE STATEMENT
Title Tareekh-e-Islam = تاریخ اسلام /
Statement of responsibility, etc Akbar Shah Khan Najeebabadi = اکبر شاہ خان نجیب آبادی
260 ## - PUBLICATION, DISTRIBUTION, ETC. (IMPRINT)
Place of publication, distribution, etc Lahore,Pakistan:
Name of publisher, distributor, etc Islamic Kutab Khana,
Date of publication, distribution, etc 1955
-- 1998
501 ## - WITH NOTE
With note 3 vols
546 ## - LANGUAGE NOTE
Language note UR
942 ## - ADDED ENTRY ELEMENTS (KOHA)
Koha item type Books
Holdings
Withdrawn status Lost status Damaged status Home library Current library Date acquired Full call number Barcode Date last seen Price effective from Koha item type Copy number
      UMT Main Campus UMT Main Campus 2014-04-25 RHC 297.09 AKB-T 46486 2016-05-20 2014-05-06 Books  
      UMT Main Campus UMT Main Campus 2015-01-07 297.09 AKB-T 84629 2026-05-07 2015-01-07 Books  
      UMT Main Campus UMT Main Campus 2015-01-09 297.09 AKB-T 84630 2025-05-19 2015-01-09 Books  
      UMT Main Campus UMT Main Campus 2015-01-09 297.09 AKB-T 84631 2018-10-09 2015-01-09 Books  
      UMT Main Campus UMT Main Campus 2015-02-04 297.09 AKB-T 87347 2022-11-01 2015-02-04 Books  
      UMT Main Campus UMT Main Campus 2015-02-04 297.09 AKB-T 87348 2024-09-30 2015-02-04 Books  
      UMT Main Campus UMT Main Campus 2015-05-14 297.09 AKB-T 91111 2023-01-17 2015-05-14 Books  
      UMT Main Campus UMT Main Campus 2017-01-24 297.09 AKB-T 103852 2024-10-15 2017-01-24 Books Vol.1
      UMT Main Campus UMT Main Campus 2017-01-24 297.09 AKB-T 103853 2020-02-15 2017-01-24 Books Vol.2
      UMT Main Campus UMT Main Campus 2017-01-24 297.09 AKB-T 103854 2017-01-24 2017-01-24 Books Vol.3